| 000 | 00467 a2200169 4500 | ||
|---|---|---|---|
| 003 | OSt | ||
| 005 | 20231109105904.0 | ||
| 008 | 231109b |||||||| |||| 00| 0 eng d | ||
| 020 | _a9788194163756 | ||
| 040 | _coclc | ||
| 082 |
_a954.83 _bKOD/A |
||
| 100 |
_aKodoor, A K _98865 |
||
| 245 |
_aAnglo - mappila yudham 1921 / _cA K Kodoor |
||
| 260 |
_aKerala: _bGrace, _c2020. |
||
| 300 | _a405p | ||
| 942 |
_2ddc _cBK _h954.83 _iKOD/A _k954.83 _mKOD/A |
||
| 999 |
_c42979 _d42979 |
||